00333nam a2200133Ia 4500003000400000005001700004008004100021020001800062040002700080100001800107245004800125260001700173260000900190OSt20240209113306.0170523s9999 xx 000 0 und d a9788185431758 ciimt university meerut aMUDGAL- RAHUL 4aTHE MAKING OF AN EDINFORMATION TECHNOLOGYOR bSARUP SONS c1999